Регионална библиотека "Любен Каравелов" - Русе

Индустриите на бъдещето (Запис номер 197701)

MARC детайли
000 -Лидер
Контролно поле с фиксирана дължина 02990nam a2200517 a 4500
003 - Код на организацията, давaща контролен номер
Контролно поле BLK
005 - Дата и час на последна редакция
Контролно поле 20240322005329.0
008 - Елементи от данни с фиксирана дължина
fixed length control field 180411b bul|||||r ||||||| ||bul||
010 ## - Наследен системен номер
LC control number KNG00206985000
020 ## - Международен стандартен номер на книга ISBN
Международен стандартен номер на книга ISBN 978-954-9913-61-3
040 ## - Източник на каталожния запис
Идентификатор на билиотеката - собственик на записа BLK
041 ## - Код за език
Код за езика на текст/звукозапис или на отделно заглавие Български
Код за езика КДБФ Български
072 #7 - Код за тематичната категория
Код организация bullib
Код за тематична категория Н33
Текст Икономика Н
080 ## - УДК
Текстов определител УДК Икономическо положение. Икономическа политика. Управление. Планиране. Производство. Услуги. Цени
УДК код - определител по УДК 338
УДК определител :001.89
УДК - код + определител 338:001.89
080 ## - УДК
Текстов определител УДК Управление на предприятията. Организация на производството, търговията, транспорта и съобщенията. Полиграфическа промишленост и издателско дело
УДК код - определител по УДК 005
УДК определител .001.76
УДК - код + определител 005.001.76
080 ## - УДК
Текстов определител УДК Фактори на икономическото развитие. - Развитие на производството. Технически прогрес. Институционни промени. Структурни промени. Индустриализация. Концентрация. Централизация, децентрализация
УДК код - определител по УДК 330.341
УДК - код + определител 330.341
080 ## - УДК
Текстов определител УДК Технически прогрес
УДК код - определител по УДК 62.001.71
УДК - код + определител 62.001.71
080 ## - УДК
Текстов определител УДК Машини и устройства за обработка на данни. Вж и 003 ; 007 ; 621.391 ; 65.011.56
УДК код - определител по УДК 681.3
УДК - код + определител 681.3
100 1# - Редна дума - Автор
Автор Рос, Алек
Авторска отговорност първи автор
R(LIN) 347956
139 ## - Редно поле
Редна дума Рос, Алек
Авторски знак Рос - Р 85
245 10 - Сведения за заглавието
Заглавие Индустриите на бъдещето
Редно поле (дума) Алек Рос; прев. Антоанета Дончева-Стаматова.
257 ## - Страна на издаване
Страна на създаване/издаване Съединени американски щати
260 ## - Област на издателските данни
Име на издателя, разпространителя и проч. НСМ - Медиа
Година на издаване 2017
Място на издаване, разпространение и проч. София
300 ## - Физическа характеристика
Страници 320 с.
Размери/Мащаб 22 см
380 ## - Жанр
Жанр Обществени науки
500 ## - Общи забележки
Забележка Ориг. загл. The Industries of the Future / Alec Ross.
650 #4 - Допълнително описание по предмет – тема
Основно описание – тема или топоним Иновации - икономически аспекти
9 (RLIN) 347957
650 #4 - Допълнително описание по предмет – тема
Основно описание – тема или топоним Промишлени предприятия - нови технологии
9 (RLIN) 285944
650 #0 - Допълнително описание по предмет – тема
Основно описание – тема или топоним Технически прогрес
9 (RLIN) 260527
650 #4 - Допълнително описание по предмет – тема
Основно описание – тема или топоним Стопански предприятия - нови технологии
9 (RLIN) 280394
650 #4 - Допълнително описание по предмет – тема
Основно описание – тема или топоним Информационни и комуникационни технологии - иновации
9 (RLIN) 340787
653 ## - Ключова дума – ненормативна
Ключова дума нови технологии
653 ## - Ключова дума – ненормативна
Ключова дума технически прогрес
653 ## - Ключова дума – ненормативна
Ключова дума информационни технологии
653 ## - Ключова дума – ненормативна
Ключова дума роботи
653 ## - Ключова дума – ненормативна
Ключова дума иновации
659 ## - Тематичен бюлетин
Тематичен бюлетин Н
700 1# - Други автори (авторска отговорност)
Лично име Дончева-Стаматова, Антоанета Антонова
Автороска отговорност (Описва отношението между автора и произведението) прев.
9 (RLIN) 365601
852 ## - Местоположение
Форматна сигнатура Цб 285799
856 4# - Електронен адрес и достъп
Електронен формат pdf - файл
856 4# - Електронен адрес и достъп
Електронен формат pdf - файл
999 ## - СИСТЕМНИ КОНТРОЛНИ НОМЕРА
Koha biblionumber 197701
Koha biblioitemnumber 197701
942 ## - АРТИКУЛИ
Вид на библиотечния материал Книги
Скрит в OPAC Не
Koha issues (borrowed), all copies 9
Периодичен библиозапис Да
944 ## - СЪЗДАВАНЕ И РЕДАКЦИЯ на ЗАПИСА
Създаване/Редакция Създаване
Дата на регистрацията/редакция 26.05.2017
Статус, дата на статуса CRON CRON
Служител, извършил регистрацията/редакцията
944 ## - СЪЗДАВАНЕ И РЕДАКЦИЯ на ЗАПИСА
Създаване/Редакция Редакция
Дата на регистрацията/редакция 29.07.2017
Статус, дата на статуса ф /
Служител, извършил регистрацията/редакцията Людмила_Стоянова
999 ## - СИСТЕМНИ КОНТРОЛНИ НОМЕРА
Koha biblioitemnumber 197701
Наличности
Код за отписване Код за изгубен артикул Източник на класификационната схема Код за повреда Коз за рестрикции Код за отдаване Артикулен № Име на библиотеката - собственик Име на библиотеката, в която се намира в момента Статус (Текущо местоположение) Дата на вписване в системата Местоположение - отдел Цена в лева Инвентарен номер Систематично азбучна сигнатура Баркод Номер на екземпляра Цена в евро Служебна бележка Служебен тип на артикула
  Не е изгубен Universal Decimal Classification Не е повреден без рестрикции заемане за дома 344128 Регионална библиотека "Любен Каравелов" Русе Регионална библиотека "Любен Каравелов" Русе Заемна - подръчен фонд 2017-05-26 Заемна - подръчен фонд 18.00 120000811301 П 338/Р 85 120000811301 1 9.20 Дост: Pk Вид: Ф N: 490 Дата: 26.05.2017 Книги
  Не е изгубен Universal Decimal Classification Не е повреден без рестрикции заемане за дома 862226 Регионална библиотека "Любен Каравелов" Русе Регионална библиотека "Любен Каравелов" Русе Заемна - подръчен фонд 2021-11-16 Заемна - подръчен фонд 12.60   338/Р 85 А 120000862707   6.44   Книги
Vip Innovations Ltd, Rousse, Bulgaria 2025